[Event "Lanus Bicentenario"]
[Site "Lanus"]
[Date "2010.04.17"]
[Round "7"]
[White "Nedilsky, Diego"]
[Black "Contin, Daniel"]
[Result "1/2-1/2"]
[WhiteElo "2340"]
[BlackElo "2309"]
[PlyCount "199"]
[EventDate "2010.04.12"]
[EventType "tourn"]
[EventRounds "9"]
[EventCountry "ARG"]
[EventCategory "4"]
[SourceTitle "EXT 2011"]
[Source "ChessBase"]
[SourceDate "2010.11.26"]
[SourceVersion "1"]
[SourceVersionDate "2010.11.26"]
[SourceQuality "1"]

1. d4 Nf6 2. c4 e6 3. Nf3 b6 4. Nc3 Bb4 5. Qb3 c5 6. a3 Ba5 7. Bg5 0-0 8. e3 Re8 9. Bd3 Bb7 10. 0-0-0 Bxc3 11. Qxc3 h6 12. Bh4 cxd4 13. Qxd4 Qe7 14. Bc2 e5 15. Qd6 Qxd6 16. Rxd6 Ne4 17. Bxe4 Bxe4 18. Nd2 Bf5 19. g4 Re6 20. Rxe6 Bxe6 21. Bg3 f6 22. f4 exf4 23. Bxf4 Bxg4 24. Rg1 h5 25. Ne4 Kh7 26. Nd6 Nc6 27. b3 Be6 28. h4 Rf8 29. Kc2 Ne5 30. Rf1 Bg8 31. Kc3 g5 32. Bg3 Ng6 33. Ne4 gxh4 34. Bd6 Rf7 35. Rxf6 Kg7 36. Rxf7+ Kxf7 37. c5 h3 38. cxb6 axb6 39. Ng5+ Kf6 40. Nf3 Bd5 41. Nh2 Nh4 42. Bc7 Ke6 43. Bg3 Nf5 44. Bf4 Nd6 45. a4 Ne4+ 46. Kb4 Nc5 47. Kb5 Bxb3 48. a5 Kd5 49. Kxb6 Bc4 50. Nf3 Be2 51. Ng5 Bf1 52. Nf3 d6 53. Nd4 Na4+ 54. Kc7 Nc5 55. Kb6 Bg2 56. Nf5 Nd3 57. Bg3 Ne5 58. a6 Ke6 59. Ng7+ Kd7 60. Nxh5 Nc4+ 61. Kb5 Nxe3 62. Nf4 Nd5 63. Ne2 Bf1 64. Kc4 Nc7 65. Kd3 Nxa6 66. Ke3 Nc5 67. Nf4 Ne6 68. Kf2 Nxf4 69. Kxf1 Nh5 70. Bh2 Nf6 71. Bf4 d5 72. Kf2 Ng4+ 73. Kg3 h2 74. Kg2 Ke6 75. Bd2 Kf5 76. Bc3 Ke4 77. Bb2 Kd3 78. Bg7 Ke2 79. Bh8 Ke3 80. Bb2 Ke4 81. Ba1 Kd3 82. Bg7 Kc4 83. Bh8 Kc5 84. Bg7 Kd6 85. Bb2 Ke6 86. Ba1 Kf5 87. Bb2 Kf4 88. Ba1 Ke3 89. Bg7 Kd2 90. Bh8 Ke2 91. Bg7 Ke3 92. Bh8 Ke4 93. Bb2 Nf2 94. Kxh2 Nd3 95. Ba1 Ke3 96. Kg1 Nf4 97. Bg7 Nd3 98. Bh8 Ke4 99. Ba1 d4 100. Bxd4 1/2-1/2

[Event "Lanus Bicentenario"]
[Site "Lanus"]
[Date "2010.04.16"]
[Round "5"]
[White "Nedilsky, Diego"]
[Black "Villanueva, Mario Nicolas"]
[Result "1/2-1/2"]
[WhiteElo "2340"]
[BlackElo "2334"]
[PlyCount "69"]
[EventDate "2010.04.12"]
[EventType "tourn"]
[EventRounds "9"]
[EventCountry "ARG"]
[EventCategory "4"]
[SourceTitle "EXT 2011"]
[Source "ChessBase"]
[SourceDate "2010.11.26"]
[SourceVersion "1"]
[SourceVersionDate "2010.11.26"]
[SourceQuality "1"]

1. g3 g6 2. Bg2 Bg7 3. d3 Nf6 4. f4 d5 5. Nf3 c5 6. 0-0 Nc6 7. c3 0-0 8. Qe1 d4 9. Na3 Nd5 10. Bd2 b6 11. Nc2 Bb7 12. Rb1 a5 13. a3 a4 14. cxd4 Nxd4 15. Nfxd4 cxd4 16. Qf2 Rc8 17. Rfc1 Qd7 18. Kf1 Nf6 19. Bxb7 Qxb7 20. Kg1 Qd5 21. Nb4 Qd6 22. Qf3 Rc5 23. Na6 Rxc1+ 24. Rxc1 Qe6 25. Rc4 Rc8 26. Rxc8+ Qxc8 27. Nb4 h5 28. Nc6 Qd7 29. Bb4 Bf8 30. Ne5 Qe6 31. Qa8 h4 32. Qf3 hxg3 33. hxg3 Nd5 34. Bd2 Bg7 35. Qg4 1/2-1/2

[Event "Ramos Mejia Memorial"]
[Site "Buenos Aires"]
[Date "2009.03.22"]
[Round "10"]
[White "Barrionuevo, Pablo"]
[Black "Nedilsky, Diego"]
[Result "0-1"]
[WhiteElo "2327"]
[BlackElo "2285"]
[PlyCount "98"]
[EventDate "2009.03.14"]
[EventType "tourn"]
[EventRounds "11"]
[EventCountry "ARG"]
[EventCategory "2"]
[SourceTitle "CBM 129 Extra"]
[Source "ChessBase"]
[SourceDate "2009.05.05"]
[SourceVersion "2"]
[SourceVersionDate "2009.05.20"]
[SourceQuality "1"]

1. e4 c5 2. Nc3 Nc6 3. f4 g6 4. Nf3 Bg7 5. Bb5 Nd4 6. Bd3 d6 7. Nxd4 cxd4 8. Ne2 Nf6 9. 0-0 0-0 10. c3 dxc3 11. dxc3 b5 12. Ng3 b4 13. c4 Qb6+ 14. Kh1 Ng4 15. Qf3 Bd4 16. f5 Ne5 17. Qe2 Ba6 18. Bh6 Rfc8 19. Rac1 b3 20. c5 Rxc5 21. Bxa6 bxa2 22. Rxc5 dxc5 23. Bc4 Rb8 24. Bxa2 Qxb2 25. Qxb2 Rxb2 26. Rb1 Rxb1+ 27. Bxb1 Ng4 28. Bg5 Nf2+ 29. Kg1 Nxe4+ 30. Kf1 Nxg5 31. h4 Be5 32. Ne2 gxf5 33. hxg5 e6 34. Ng1 Kg7 35. Nf3 Bf4 36. Kf2 f6 37. gxf6+ Kxf6 38. g3 Bc1 39. Ke2 e5 40. Nh4 e4 41. g4 fxg4 42. Bxe4 h5 43. Ng2 Bg5 44. Ne1 Ke5 45. Bg6 h4 46. Bh5 Kf5 47. Nd3 g3 48. Nxc5 g2 49. Kf2 h3 0-1

[Event "Ramos Mejia Memorial"]
[Site "Buenos Aires"]
[Date "2009.03.22"]
[Round "11"]
[White "Nedilsky, Diego"]
[Black "Larrea, Manuel"]
[Result "1-0"]
[WhiteElo "2285"]
[BlackElo "2276"]
[PlyCount "93"]
[EventDate "2009.03.14"]
[EventType "tourn"]
[EventRounds "11"]
[EventCountry "ARG"]
[EventCategory "2"]
[SourceTitle "CBM 129 Extra"]
[Source "ChessBase"]
[SourceDate "2009.05.05"]
[SourceVersion "2"]
[SourceVersionDate "2009.05.20"]
[SourceQuality "1"]

1. d4 Nf6 2. c4 g6 3. Nc3 Bg7 4. e4 d6 5. f3 0-0 6. Bg5 Nc6 7. Nge2 a6 8. d5 Ne5 9. Nd4 c5 10. Nc2 b5 11. cxb5 axb5 12. Bxb5 Qa5 13. 0-0 Ba6 14. a4 Nc4 15. Qc1 Rfb8 16. Na3 Bxb5 17. Naxb5 Qb4 18. Ra2 Rb7 19. Qc2 Ne8 20. b3 Na5 21. Rb1 c4 22. bxc4 Qc5+ 23. Qf2 Qxc4 24. Qe2 Rc8 25. Qxc4 Rxc4 26. Ne2 Rc8 27. Rc1 Rxc1+ 28. Bxc1 Nb3 29. Bb2 Nc5 30. Bxg7 Kxg7 31. Ned4 e5 32. Nc6 Nxa4 33. Nxd6 Nxd6 34. Rxa4 Rb2 35. Nxe5 Nb5 36. h4 h5 37. Rc4 Kf6 38. Nd3 Rd2 39. e5+ Ke7 40. Nf4 Nd4 41. d6+ Kd8 42. Rc7 Ne2+ 43. Nxe2 Rxe2 44. f4 Ke8 45. Rc8+ Kd7 46. Rf8 f5 47. Rf7+ 1-0

[Event "Ramos Mejia Memorial"]
[Site "Buenos Aires"]
[Date "2009.03.18"]
[Round "6"]
[White "Daneri, Martin"]
[Black "Nedilsky, Diego"]
[Result "0-1"]
[WhiteElo "2149"]
[BlackElo "2285"]
[PlyCount "66"]
[EventDate "2009.03.14"]
[EventType "tourn"]
[EventRounds "11"]
[EventCountry "ARG"]
[EventCategory "2"]
[SourceTitle "CBM 129 Extra"]
[Source "ChessBase"]
[SourceDate "2009.05.05"]
[SourceVersion "2"]
[SourceVersionDate "2009.05.20"]
[SourceQuality "1"]

1. c4 g6 2. Nc3 Bg7 3. e4 c5 4. g3 Nc6 5. Bg2 d6 6. Nge2 f5 7. d3 Nf6 8. 0-0 0-0 9. h3 e5 10. Rb1 Be6 11. Nd5 Qd7 12. Kh2 Nh5 13. exf5 gxf5 14. f4 Nf6 15. Nec3 Rae8 16. b4 cxb4 17. Nxb4 Nxb4 18. Rxb4 b6 19. Rb5 e4 20. Ba3 Rc8 21. Rb4 d5 22. Nxd5 Nxd5 23. cxd5 Qxd5 24. dxe4 Qxa2 25. Qd6 Rfd8 26. Qe7 Rd7 27. Qg5 Rc2 28. Bb2 Rxb2 29. Rxb2 Qxb2 30. exf5 Rd2 31. Rg1 Bd5 32. Qd8+ Bf8 33. Qg5+ Kh8 0-1

[Event "Ramos Mejia Memorial"]
[Site "Buenos Aires"]
[Date "2009.03.17"]
[Round "5"]
[White "Nedilsky, Diego"]
[Black "Quiroga, Facundo"]
[Result "1/2-1/2"]
[WhiteElo "2285"]
[BlackElo "2329"]
[PlyCount "83"]
[EventDate "2009.03.14"]
[EventType "tourn"]
[EventRounds "11"]
[EventCountry "ARG"]
[EventCategory "2"]
[SourceTitle "CBM 129 Extra"]
[Source "ChessBase"]
[SourceDate "2009.05.05"]
[SourceVersion "2"]
[SourceVersionDate "2009.05.20"]
[SourceQuality "1"]

1. d4 Nf6 2. c4 e6 3. Nf3 c5 4. g3 cxd4 5. Nxd4 d5 6. Bg2 Bb4+ 7. Bd2 Bxd2+ 8. Qxd2 e5 9. Nf3 e4 10. Nd4 dxc4 11. Nb5 Na6 12. Nd6+ Ke7 13. Nxe4 Nxe4 14. Bxe4 Qxd2+ 15. Nxd2 Nc5 16. Bd5 Bh3 17. Nxc4 Rac8 18. f3 b5 19. Ne3 Na4 20. Kf2 Be6 21. Rhd1 Rhd8 22. Bxe6 fxe6 23. Rxd8 Rxd8 24. Rc1 Nxb2 25. Rb1 Na4 26. Rxb5 Rd2 27. Rb7+ Kf8 28. Rc7 Rxa2 29. Rxa7 Nc3 30. Rxa2 Nxa2 31. f4 Ke7 32. f5 exf5 33. Nxf5+ Kf6 34. Nd4 Nc3 35. Kf3 h5 36. e4 Ke5 37. Nc6+ Kd6 38. Nb4 Ke5 39. Nd3+ Kd4 40. Nf2 g5 41. h3 Nb1 42. Ke2 1/2-1/2

[Event "Buenos Aires-ch qual"]
[Site "Buenos Aires"]
[Date "2006.03.29"]
[Round "9.5"]
[White "Alonso, Salvador"]
[Black "Nedilsky, Diego"]
[Result "0-1"]
[WhiteElo "2460"]
[BlackElo "2343"]
[PlyCount "174"]
[EventDate "2006.03.21"]
[EventType "swiss"]
[EventRounds "9"]
[EventCountry "ARG"]
[SourceTitle "CBM 111 Extra"]
[Source "ChessBase"]
[SourceDate "2006.05.09"]
[SourceVersion "1"]
[SourceVersionDate "2006.05.09"]
[SourceQuality "1"]

1. e4 c5 2. Nf3 g6 3. d4 Bg7 4. Nc3 cxd4 5. Nxd4 Nc6 6. Be3 Nf6 7. Bc4 0-0 8. Bb3 a5 9. 0-0 a4 10. Nxa4 Nxe4 11. Nb5 Ra6 12. c4 d6 13. Qe2 Bf5 14. Rad1 Qa5 15. f3 Nc5 16. Nxc5 dxc5 17. Bxc5 Rc8 18. Bf2 Be6 19. Rc1 Qb4 20. Be1 Qc5+ 21. Bf2 Qe5 22. Qxe5 Bxe5 23. Nc3 Na5 24. Rfe1 Bg7 25. Na4 Rac6 26. Nb6 Rd8 27. Ba4 Rcd6 28. b4 Nc6 29. c5 Rd2 30. a3 Bb2 31. Rcd1 Bxa3 32. Rxd2 Rxd2 33. Be3 Rd3 34. Bf2 Bxb4 35. Rb1 Bc3 36. Bb5 Rd2 37. Bc4 Bf5 38. Rc1 Bd4 39. Bxd4 Nxd4 40. Re1 e6 41. Bf1 Nb3 42. Nc4 Rd4 43. Ne5 Nxc5 44. g4 Bc2 45. Rc1 Rd2 46. Nc4 Nb3 47. Re1 Rd4 48. Re3 Nd2 49. Rc3 Nxc4 50. Rxc2 b5 51. Ra2 b4 52. Ra8+ Kg7 53. Rb8 Nd2 54. Be2 Nb1 55. Kf2 Nc3 56. Bf1 Nd5 57. h4 Rd2+ 58. Kg3 h6 59. Bc4 Rd4 60. Bb5 g5 61. hxg5 hxg5 62. Rb7 Rd2 63. Bf1 Rc2 64. Bd3 Rc3 65. Bb5 Kf6 66. Kf2 Rc2+ 67. Ke1 Rc7 68. Rb8 Ke5 69. Kd2 Kf4 70. Be2 f6 71. Re8 Rc6 72. Bd1 Ra6 73. Rb8 Rb6 74. Rc8 b3 75. Kc1 b2+ 76. Kb1 Ke3 77. Rc2 Kd3 78. Be2+ Kd4 79. Rd2+ Ke3 80. Rc2 Nc3+ 81. Rxc3+ Kxe2 82. Ra3 e5 83. Rc3 Rd6 84. Rb3 Rd3 85. Rxb2+ Kxf3 86. Rb6 Kxg4 87. Rxf6 Rc3 0-1

[Event "Buenos Aires-ch qual"]
[Site "Buenos Aires"]
[Date "2006.03.24"]
[Round "4.17"]
[White "Nedilsky, Diego"]
[Black "Perelman, Hernan"]
[Result "0-1"]
[WhiteElo "2343"]
[BlackElo "2185"]
[PlyCount "82"]
[EventDate "2006.03.21"]
[EventType "swiss"]
[EventRounds "9"]
[EventCountry "ARG"]
[SourceTitle "CBM 111 Extra"]
[Source "ChessBase"]
[SourceDate "2006.05.09"]
[SourceVersion "1"]
[SourceVersionDate "2006.05.09"]
[SourceQuality "1"]

1. g3 g6 2. Bg2 Bg7 3. d3 d5 4. Nf3 Nf6 5. 0-0 0-0 6. Nbd2 c5 7. h3 Nc6 8. c3 Qc7 9. e4 Rd8 10. Qe2 b6 11. e5 Nd7 12. e6 Nde5 13. exf7+ Nxf7 14. Re1 e5 15. Nf1 Ba6 16. Qc2 Re8 17. Ne3 Rad8 18. Nd2 Ne7 19. c4 Bb7 20. cxd5 Nxd5 21. Nxd5 Bxd5 22. Ne4 Rd7 23. Be3 Qb7 24. h4 Red8 25. h5 gxh5 26. b3 Nd6 27. Bg5 Rf8 28. Bh3 Nf5 29. Qd1 Qc6 30. Qxh5 Rdf7 31. Bd2 Nd4 32. Ng5 h6 33. Nxf7 Bxf7 34. Qg4 Nf3+ 35. Kg2 Nxe1+ 36. Kf1 Nf3 37. Ke2 e4 38. Be3 exd3+ 39. Kd1 Nd4 40. Kd2 Qf3 41. Bxd4 Qxg4 0-1

[Event "Buenos Aires-ch qual"]
[Site "Buenos Aires"]
[Date "2006.03.22"]
[Round "2.16"]
[White "Nedilsky, Diego"]
[Black "Mayorga, Nicolas"]
[Result "1-0"]
[WhiteElo "2343"]
[BlackElo "2249"]
[PlyCount "55"]
[EventDate "2006.03.21"]
[EventType "swiss"]
[EventRounds "9"]
[EventCountry "ARG"]
[SourceTitle "CBM 111 Extra"]
[Source "ChessBase"]
[SourceDate "2006.05.09"]
[SourceVersion "1"]
[SourceVersionDate "2006.05.09"]
[SourceQuality "1"]

1. d4 Nf6 2. c4 c5 3. d5 b5 4. cxb5 a6 5. bxa6 g6 6. Nc3 Bxa6 7. g3 d6 8. Bg2 Bg7 9. Nf3 Nbd7 10. Rb1 0-0 11. 0-0 Nb6 12. b3 Bb7 13. Nh4 Ne8 14. Qc2 Nc7 15. e4 Ra7 16. Rd1 Qd7 17. a4 f5 18. exf5 gxf5 19. Bh3 Ncxd5 20. Nxd5 Nxd5 21. Bxf5 Rxf5 22. Nxf5 Nc3 23. Nh6+ Kh8 24. Nf7+ Kg8 25. Ng5 Nxd1 26. Qxh7+ Kf8 27. Qg6 e6 28. Nh7+ 1-0

[Event "ARG-ch 79th"]
[Site "Buenos Aires"]
[Date "2004.10.01"]
[Round "9"]
[White "Nedilsky, Diego"]
[Black "Slipak, Sergio"]
[Result "1/2-1/2"]
[WhiteElo "2347"]
[BlackElo "2502"]
[PlyCount "106"]
[EventDate "2004.09.24"]
[EventType "swiss"]
[EventRounds "9"]
[EventCountry "ARG"]
[SourceTitle "CBM 102 Extra"]
[Source "ChessBase"]
[SourceDate "2004.11.03"]
[SourceVersion "1"]
[SourceVersionDate "2004.11.03"]
[SourceQuality "1"]

1. d4 Nf6 2. c4 e6 3. Nf3 b6 4. Nc3 Bb4 5. Qb3 a5 6. g3 Nc6 7. Bg2 a4 8. Qc2 Ba6 9. a3 Bxc3+ 10. Qxc3 Ne4 11. Qc2 Nd6 12. d5 Na5 13. Qxa4 Bxc4 14. dxe6 Nb3 15. Qxd7+ Qxd7 16. exd7+ Ke7 17. Rb1 Bd5 18. Bf4 Nd4 19. Bxd6+ cxd6 20. Nxd4 Bxg2 21. Rg1 Be4 22. Rc1 Kxd7 23. Kd2 Ra4 24. e3 Rb8 25. Rc3 b5 26. Rgc1 Rb7 27. f3 Bd5 28. Rd3 Ra6 29. e4 Bc4 30. Rdc3 Be6 31. Nxe6 fxe6 32. Rc8 e5 33. Rg8 Ke6 34. Re8+ Kf7 35. Rec8 Re7 36. R1c3 Ke6 37. Rb3 Ra4 38. Rcc3 g5 39. Rd3 g4 40. Ke3 gxf3 41. Kxf3 Rf7+ 42. Ke3 Rf1 43. Rxb5 Re1+ 44. Kf3 Raxe4 45. Rbd5 R4e2 46. Rxd6+ Kf5 47. R6d5 Rxb2 48. g4+ Kg5 49. Re3 Rxe3+ 50. Kxe3 Kxg4 51. Rxe5 Rxh2 52. Re7 Rh3+ 53. Kf2 Rxa3 1/2-1/2

[Event "ARG-ch 79th"]
[Site "Buenos Aires"]
[Date "2004.09.28"]
[Round "6"]
[White "Rosito, Jorge"]
[Black "Nedilsky, Diego"]
[Result "1-0"]
[WhiteElo "2424"]
[BlackElo "2347"]
[PlyCount "67"]
[EventDate "2004.09.24"]
[EventType "swiss"]
[EventRounds "9"]
[EventCountry "ARG"]
[SourceTitle "CBM 102 Extra"]
[Source "ChessBase"]
[SourceDate "2004.11.03"]
[SourceVersion "1"]
[SourceVersionDate "2004.11.03"]
[SourceQuality "1"]

1. e4 c5 2. Nf3 g6 3. d4 cxd4 4. Qxd4 Nf6 5. e5 Nc6 6. Qa4 Nd5 7. Qb3 Nc7 8. Bf4 Ne6 9. Bg3 Bg7 10. Nc3 Ned4 11. Nxd4 Nxd4 12. Qa4 Nc6 13. Qe4 0-0 14. Bb5 a6 15. Bxc6 dxc6 16. 0-0 Bf5 17. Qb4 Bxc2 18. Qxb7 Rb8 19. Qxc6 Rb6 20. Qc5 Rxb2 21. Qa3 Rb6 22. Rac1 Qd2 23. Qc5 Rb2 24. Nd5 Kh8 25. Ne3 Bd3 26. Rfd1 Qe2 27. Re1 Rb5 28. Qc3 Qxa2 29. Qxd3 Bxe5 30. Bxe5+ Rxe5 31. Ra1 Qe6 32. Rxa6 Qc8 33. Rea1 Rd8 34. Qxd8+ 1-0

[Event "ARG-ch 79th"]
[Site "Buenos Aires"]
[Date "2004.09.26"]
[Round "4"]
[White "Nedilsky, Diego"]
[Black "Pierrot, Juan Facundo"]
[Result "1/2-1/2"]
[WhiteElo "2347"]
[BlackElo "2436"]
[PlyCount "29"]
[EventDate "2004.09.24"]
[EventType "swiss"]
[EventRounds "9"]
[EventCountry "ARG"]
[SourceTitle "CBM 102 Extra"]
[Source "ChessBase"]
[SourceDate "2004.11.03"]
[SourceVersion "1"]
[SourceVersionDate "2004.11.03"]
[SourceQuality "1"]

1. g3 g6 2. Bg2 Bg7 3. d3 c5 4. f4 Nc6 5. Nf3 d6 6. 0-0 Rb8 7. Nc3 Nf6 8. e4 0-0 9. Kh1 b5 10. a3 a5 11. a4 b4 12. Ne2 Ne8 13. Rb1 Nc7 14. Be3 Bd7 15. Qd2 1/2-1/2

[Event "Banfield FAGSBA op"]
[Site "Banfield"]
[Date "2004.??.??"]
[Round "6"]
[White "Garzon, Enrique"]
[Black "Nedilsky, Diego"]
[Result "0-1"]
[WhiteElo "2068"]
[BlackElo "2325"]
[PlyCount "84"]
[EventDate "2004.04.22"]
[EventType "swiss"]
[EventRounds "7"]
[EventCountry "ARG"]
[SourceTitle "CBM 100 Extra"]
[Source "ChessBase"]
[SourceDate "2004.07.06"]
[SourceVersion "2"]
[SourceVersionDate "2004.07.06"]
[SourceQuality "1"]

1. e4 d6 2. d4 Nf6 3. Nc3 g6 4. Be2 Bg7 5. Be3 c6 6. a4 0-0 7. h3 e5 8. Nf3 exd4 9. Nxd4 Re8 10. Bf3 Nbd7 11. Nb3 Nb6 12. Qd3 Be6 13. Nd2 d5 14. a5 Nbd7 15. exd5 Ne5 16. Qe2 Nxf3+ 17. Nxf3 Nxd5 18. Nxd5 Bxd5 19. c3 f5 20. g3 Qe7 21. 0-0-0 Qe4 22. Nd4 Rad8 23. Rhe1 c5 24. Nc2 Qa4 25. Rd2 Bc4 26. Qd1 Rxd2 27. Qxd2 Qxa5 28. Bg5 Qa4 29. Na3 Bb3 30. Re3 Rxe3 31. Qxe3 Qc6 32. Qe1 b5 33. Nb1 h6 34. Nd2 Bf7 35. Be3 b4 36. Nb1 a5 37. h4 Bb3 38. Bd2 Qd5 39. Qe2 Bc4 40. Qe3 Bd3 41. Be1 Be4 42. Qe2 Qa2 0-1

[Event "Banfield FAGSBA op"]
[Site "Banfield"]
[Date "2003.07.02"]
[Round "1.1"]
[White "Antonio, Jorge Carlos"]
[Black "Nedilsky, Diego"]
[Result "0-1"]
[WhiteElo "2066"]
[BlackElo "2296"]
[PlyCount "94"]
[EventDate "2003.07.04"]
[EventType "swiss"]
[EventRounds "7"]
[EventCountry "ARG"]
[SourceTitle "EXT 2004"]
[Source "ChessBase"]
[SourceDate "2003.11.25"]
[SourceVersion "1"]
[SourceVersionDate "2003.11.25"]
[SourceQuality "1"]

1. d4 g6 2. e4 Bg7 3. Nf3 d6 4. Bc4 Nf6 5. Nc3 0-0 6. 0-0 Bg4 7. h3 Bxf3 8. Qxf3 Nc6 9. Ne2 Nd7 10. c3 Nce5 11. dxe5 Nxe5 12. Bxf7+ Rxf7 13. Qg3 Qd7 14. f4 Raf8 15. Rd1 Qa4 16. Be3 Qxe4 17. fxe5 Bxe5 18. Rd4 Qc2 19. Rd2 Qe4 20. Rd4 Qc2 21. Rd2 Qxd2 22. Bxd2 Bxg3 23. Nxg3 Kg7 24. Be3 a6 25. Rd1 b5 26. Ra1 c5 27. Rd1 Rf6 28. Re1 h6 29. Re2 Kh7 30. Bd2 R8f7 31. Bc1 g5 32. Bd2 Kg6 33. Bc1 h5 34. Bd2 h4 35. Nh1 Rf1+ 36. Kh2 e5 37. Be3 b4 38. c4 Ra1 39. Nf2 Rxa2 40. Ne4 Rf1 41. Bxg5 Rb1 42. Be7 Rbxb2 43. Rxb2 Rxb2 44. Bxd6 b3 45. Nxc5 Rxg2+ 46. Kxg2 b2 47. Bxe5 b1Q 0-1

[Event "River Plate FMDA ITT 3rd"]
[Site "Buenos Aires"]
[Date "2003.06.08"]
[Round "6"]
[White "Nedilsky, Diego"]
[Black "Rosito, Jorge"]
[Result "1/2-1/2"]
[WhiteElo "2282"]
[BlackElo "2410"]
[PlyCount "22"]
[EventDate "2003.06.03"]
[EventType "tourn"]
[EventRounds "11"]
[EventCountry "ARG"]
[EventCategory "3"]
[SourceTitle "EXT 2004"]
[Source "ChessBase"]
[SourceDate "2003.11.25"]
[SourceVersion "1"]
[SourceVersionDate "2003.11.25"]
[SourceQuality "1"]

1. d4 Nf6 2. c4 e5 3. dxe5 Ng4 4. Bf4 Nc6 5. Nf3 Bb4+ 6. Nbd2 Qe7 7. e3 Ngxe5 8. Nxe5 Nxe5 9. Be2 0-0 10. 0-0 Bxd2 11. Qxd2 d6 1/2-1/2

[Event "River Plate FMDA ITT 3rd"]
[Site "Buenos Aires"]
[Date "2003.06.07"]
[Round "5"]
[White "Quarracino, Carlos"]
[Black "Nedilsky, Diego"]
[Result "1/2-1/2"]
[WhiteElo "2231"]
[BlackElo "2282"]
[PlyCount "84"]
[EventDate "2003.06.03"]
[EventType "tourn"]
[EventRounds "11"]
[EventCountry "ARG"]
[EventCategory "3"]
[SourceTitle "EXT 2004"]
[Source "ChessBase"]
[SourceDate "2003.11.25"]
[SourceVersion "1"]
[SourceVersionDate "2003.11.25"]
[SourceQuality "1"]

1. e4 c5 2. Nf3 Nc6 3. d4 cxd4 4. Nxd4 g6 5. Be3 Nf6 6. Nc3 Bg7 7. Bc4 0-0 8. Bb3 a5 9. f3 d5 10. Bxd5 Nxd5 11. exd5 Nb4 12. Nde2 e6 13. a3 Nxd5 14. Nxd5 exd5 15. Bd4 Bh6 16. 0-0 Ra6 17. Re1 Re8 18. Nc3 Rae6 19. Rxe6 Bxe6 20. Qe2 Bf5 21. Qf2 Qd7 22. Qh4 Bg7 23. Bxg7 Kxg7 24. Qd4+ f6 25. Nxd5 Qc6 26. Ne3 Be6 27. c4 a4 28. Nd5 Bf5 29. g4 Bc2 30. g5 Qd6 31. Rf1 Re2 32. gxf6+ Kf7 33. Rf2 Re1+ 34. Kg2 Bb3 35. Qd2 Qe5 36. Qh6 Bxc4 37. Qg7+ Ke6 38. Nf4+ Kf5 39. Nh3 Qxf6 40. Qxb7 h5 41. Qb4 Qe6 42. Qd2 Kf6 1/2-1/2

[Event "River Plate FMDA ITT 3rd"]
[Site "Buenos Aires"]
[Date "2003.??.??"]
[Round "9"]
[White "Giardelli, Sergio Carlos"]
[Black "Nedilsky, Diego"]
[Result "1/2-1/2"]
[WhiteElo "2431"]
[BlackElo "2282"]
[PlyCount "20"]
[EventDate "2003.06.03"]
[EventType "tourn"]
[EventRounds "11"]
[EventCountry "ARG"]
[EventCategory "3"]
[SourceTitle "EXT 2004"]
[Source "ChessBase"]
[SourceDate "2003.11.25"]
[SourceVersion "1"]
[SourceVersionDate "2003.11.25"]
[SourceQuality "1"]

1. c4 g6 2. Nf3 Bg7 3. g3 f5 4. d4 Nf6 5. b4 a5 6. b5 d6 7. Bg2 0-0 8. 0-0 c6 9. Nc3 Kh8 10. Bb2 Be6 1/2-1/2

[Event "River Plate FMDA ITT 3rd"]
[Site "Buenos Aires"]
[Date "2003.??.??"]
[Round "2"]
[White "Meyer, Falko"]
[Black "Nedilsky, Diego"]
[Result "1-0"]
[WhiteElo "2344"]
[BlackElo "2282"]
[PlyCount "69"]
[EventDate "2003.06.03"]
[EventType "tourn"]
[EventRounds "11"]
[EventCountry "ARG"]
[EventCategory "3"]
[SourceTitle "EXT 2004"]
[Source "ChessBase"]
[SourceDate "2003.11.25"]
[SourceVersion "1"]
[SourceVersionDate "2003.11.25"]
[SourceQuality "1"]

1. e4 c5 2. Nf3 g6 3. d4 cxd4 4. Nxd4 Bg7 5. c4 Nc6 6. Be3 Nf6 7. Nc3 Ng4 8. Qxg4 Nxd4 9. Qd1 Ne6 10. Qd2 Qa5 11. Rc1 b6 12. Be2 Bb7 13. f3 h5 14. 0-0 g5 15. Rfd1 d6 16. c5 bxc5 17. Bb5+ Kf8 18. Bc4 Qb4 19. Bxe6 fxe6 20. a3 Qc4 21. Nd5 Qb3 22. Nxe7 Kxe7 23. Qxd6+ Kf6 24. Qxc5 Bh6 25. Bd4+ Kg6 26. Bxh8 Rxh8 27. Rd6 Rf8 28. Rc4 Bc8 29. Rb4 Qa2 30. Rb8 g4 31. Rd1 gxf3 32. gxf3 Rxf3 33. Kh1 Bd7 34. Rg1+ Kf7 35. Qxh5+ 1-0

[Event "Buenos Aires CA ITT 3rd"]
[Site "Buenos Aires"]
[Date "2003.??.??"]
[Round "10"]
[White "Nedilsky, Diego"]
[Black "Bronstein, Luis Marcos"]
[Result "0-1"]
[WhiteElo "2296"]
[BlackElo "2325"]
[PlyCount "104"]
[EventDate "2003.08.05"]
[EventType "tourn"]
[EventRounds "11"]
[EventCountry "ARG"]
[EventCategory "3"]
[SourceTitle "CBM 095 Extra"]
[Source "ChessBase"]
[SourceDate "2003.09.04"]
[SourceVersion "1"]
[SourceVersionDate "2003.09.04"]
[SourceQuality "1"]

1. d4 d5 2. c4 e6 3. Nf3 c5 4. cxd5 exd5 5. Nc3 Nc6 6. g3 Nf6 7. Bg2 Be7 8. 0-0 0-0 9. b3 Ne4 10. Bb2 Bf6 11. Na4 b6 12. Rc1 Ba6 13. dxc5 Bxb2 14. Nxb2 bxc5 15. Nd2 Nd4 16. Re1 Nxf2 17. Kxf2 Qf6+ 18. Kg1 Bxe2 19. Rxe2 Nxe2+ 20. Qxe2 Qxb2 21. Rxc5 Rae8 22. Qf2 d4 23. Rc7 d3 24. Bd5 Qe5 25. Bxf7+ Kh8 26. Rd7 Re7 27. Be6 Ree8 28. Bf7 Re7 29. Be6 Ree8 30. Re7 Qa1+ 31. Nf1 Qxf1+ 32. Kxf1 Rxf2+ 33. Kxf2 Rxe7 34. Bg4 d2 35. Be2 Rf7+ 36. Ke3 Rd7 37. Bd1 a5 38. a3 Kg8 39. b4 axb4 40. axb4 Kf7 41. b5 Ke7 42. Ke2 Kd8 43. Bc2 Kc7 44. Kd1 Kb6 45. Bf5 Rd8 46. Bxh7 Kxb5 47. Bc2 Kc4 48. Ke2 Kc3 49. Ba4 Rd4 50. Bd1 Re4+ 51. Kf3 Re1 52. Be2 Rxe2 0-1

[Event "Buenos Aires CA ITT 3rd"]
[Site "Buenos Aires"]
[Date "2003.??.??"]
[Round "5"]
[White "Nedilsky, Diego"]
[Black "Galindo, Ricardo"]
[Result "1-0"]
[WhiteElo "2296"]
[BlackElo "2277"]
[PlyCount "65"]
[EventDate "2003.08.05"]
[EventType "tourn"]
[EventRounds "11"]
[EventCountry "ARG"]
[EventCategory "3"]
[SourceTitle "CBM 095 Extra"]
[Source "ChessBase"]
[SourceDate "2003.09.04"]
[SourceVersion "1"]
[SourceVersionDate "2003.09.04"]
[SourceQuality "1"]

1. d4 d5 2. c4 e6 3. Nc3 Nf6 4. cxd5 exd5 5. Bg5 c6 6. Qc2 Be7 7. e3 0-0 8. Bd3 Nbd7 9. Nf3 Re8 10. 0-0 Nf8 11. Rab1 Ne4 12. Bf4 Nxc3 13. bxc3 Bd6 14. Bxd6 Qxd6 15. c4 dxc4 16. Bxc4 Re7 17. e4 Be6 18. Rfd1 Bxc4 19. Qxc4 Rxe4 20. Rxb7 Ne6 21. Rxf7 c5 22. Qc2 Qd5 23. dxc5 Nd4 24. Rd7 Nxf3+ 25. gxf3 Qg5+ 26. Kh1 Ree8 27. Qc3 Rad8 28. Qc4+ Kh8 29. c6 h6 30. Rxd8 Rxd8 31. Rxd8+ Qxd8 32. c7 Qc8 33. Kg2 1-0